00364 a2200121 4500020001800000022001800018082001300036100001800049245012200067250000800189260003000197300001500227 a9788121922470 a9788121922470 a519.2076 aKandasamy, P. aProbability, Random Variables and Random Processesb(For B.E/B.Tech.)cP. Kandasamy, K. Thilagavathi and K. Gunavathi a1st aNew DelhibS. Chandc2003 axii, 509+4